KZ Natzweiler-Struthof - Statistiken

Allgemein
  • Dieses Quiz wurde 10 mal gespielt
  • Das Durchschnittsergebnis liegt bei 14 aus 15
Antwortstatistiken
Frage Antwort % Korrekt
In welchem Zeitraum war das Lager Huptsächlich in Betrieb 1941 - 1944
100%
Wann wurde das Lager geräumt? 1944
100%
Welche Arbeit mussten viele Häftlinge leisten? Arbeit im Steinbruch
100%
Wo befand sich das KZ Natzweiler-Struthof Frankreich
100%
Warum war der Steinbruch wichtig? Für Baumaterial
100%
Was befindet sich heute dort? Gedenkstätte und Museum
100%
Welche Bedingungen herrschten im Lager? Harte Arbeit, Hunger und Gewalt
100%
Wo für ist das Lager unteranderem Bekannt Konzentrations- und Arbeitslager mit Medizinischen Experimenten
100%
Wer bewachte das Lager? SS-Wachmannschaften
100%
Warum ist Erinnerung an das Lager wichtig? Um Geschichte zu verstehen und Opfer zu würdigen
100%
Wie viele Menschen waren ungefähr betroffen? Zehntausende
100%
Wann wurde das KZ Natzweiler-Struthof errichtet? 1941
75%
In welcher Gebirgsregion lag das KZ Natzweiler-Struthof? Vogesen
75%
Welche Häftlingsgruppe waren dort Inhaftiert Menschen aus vielen Besetzten Ländern Europas
63%
Was war die Haupt vernichtungs Art Arbeit
38%
Keine übereinstimmenden Quizze gefunden
Verteilung der Resultate
Anzahl Personen mit jedem Resultat
Perzentil nach korrekt beantworteten Fragen
Ihre Resultats-Entwicklung
Sie haben dieses Quiz noch nicht gespielt